Vplyv pigmentov na štruktúru a vlastnosti syntetických vlákien

Salvato in:
Dettagli Bibliografici
Autore principale: Hricová, Marcela
Natura: Libro
Lingua:slovacco
Pubblicazione: Bratislava STU FCHPT 2008
Accesso online:Visualizza in OPAC
Tags: Aggiungi Tag
Nessun Tag, puoi essere il primo ad aggiungerne!!

MARC

LEADER 00000nam a2200000 a 4500
005 20260127134405.0
008 081021 2008 xo 000 0 slo d
035 |a vtls009351017 
039 9 |y 200810211138  |z mschk03 
040 |a STUSCHK1  |b slo  |c STUSCHK1  |e AACR2 
100 1 |a Hricová, Marcela 
245 1 |a Vplyv pigmentov na štruktúru a vlastnosti syntetických vlákien  |c Marcela Hricová 
260 |a Bratislava  |b STU FCHPT  |c 2008 
500 |a Obháj.: 12.9. 2008 
500 |a Odbor: 28-11-9 Technológia makromolekulových látok 
500 |a Ústav polymérnych materiálov, Odd. vlákien a textilu 
910 |a SCHK95 
999 |c 11597  |d 11597